Loreto College Library, Kolkata
WEBOPAC (ONLINE PUBLIC ACCESS CATALOGUE)

G.B. Shaw's Arms and the Man (Record no. 2016)

MARC details
000 -LEADER
fixed length control field 00608nam a2200217Ia 4500
005 - DATE AND TIME OF LATEST TRANSACTION
control field 20230328105017.0
008 - FIXED-LENGTH DATA ELEMENTS--GENERAL INFORMATION
fixed length control field 131103s9999 xx 000 0 und d
020 ## - ISBN | অাই এস বি এন
ISBN | অাই এস বি এন 81-7384-214-0
PRICE Rs.120
040 ## - CATALOGING SOURCE
Original cataloging agency Loreto College
041 ## - LANGUAGE CODE
Language code English
082 ## - DDC | ডিউই
Classification number | বর্গসংখ্যা 822.91
Book Number | গ্রন্থাঙ্ক SHA-DUT
245 ## - TITLE STATEMENT | অাখ্যা বিবরণী
Title | অাখ্যা G.B. Shaw's Arms and the Man
Statement of responsibility | লেখকের দায়িত্বের বিবরণ edited and surveyed by Kalyannath Dutta
250 ## - EDITION STATEMENT | সংস্করণ ক্ষেত্র
Edition statement | সংস্করণ enlarged ed.
260 ## - IMPRINT | প্রকাশনা ক্ষেত্র
Place of publication | প্রকাশ স্থান Kolkata
Name of publisher | প্রকাশকের নাম Sribhumi Publishing Co.
Date of publication | প্রকাশ কাল 2001
300 ## - PHYSICAL DESCRIPTION |
Page / Vol. No | পৃষ্ঠা / খন্ড সংখ্যা 325p, 20.5cm.
650 ## - SUBJECT ADDED ENTRY--TOPICAL TERM | বিষয় শিরোনাম - মূল বিষয়
Topical term | মূল বিষয় Shaw, G.B.-Plays
651 ## - SUBJECT ADDED ENTRY--GEOGRAPHIC NAME | বিষয় শিরোনাম - ভৌগলিক নাম
Geographic name | ভৌগলিক বিষয় Arms and the Man
700 ## - ADDED ENTRY--PERSONAL NAME | অতিরিক্ত সংলেখ - ব্
Personal name | ব্যাক্তিনাম Dutta, Kalyannath ed.
850 ## - HOLDING INSTITUTION
Holding institution LCLIB
942 ## - ADDED ENTRY ELEMENTS (KOHA)
Koha item type Books
Holdings
Withdrawn status Lost status Source of classification Damaged status Not for loan Home library Current library Date acquired Total Checkouts Full call number Accession No. Date last seen Date checked out Price effective from Koha item type Coded location qualifier
    Dewey Decimal Classification     Loreto College Loreto College 04/11/2013 6 822.91 SHA-DUT 42262 B892 27/02/2019 27/02/2019 04/11/2013 Books